000 00527nam a22001577a 4500
005 20120214105859.0
020 _a818832275
_c250.00
035 _aB-166012
037 _adpl
100 _aDixit,Pankaj
_944236
245 _aHindu Mythology Quiz Book/
_cPankaj Dixit
260 _aNew Delhi
_bOcean Books Pvt.Ltd.
_c2005
300 _a188p.
_c22 cms.
942 _2ddc
_cEN
_h230.1
_mDIX
999 _c64337
_d64337